[Event "SRI-chB"]
[Site "Narahenpita"]
[Date "2017.05.12"]
[Round "1"]
[White "Thiyasara, KT Thisen"]
[Black "Gammarachchi, O Dewpathi"]
[Result "1-0"]
[WhiteElo "1835"]
[BlackElo "1551"]
[PlyCount "53"]
[EventDate "2017.05.12"]
[EventType "swiss"]
[EventRounds "10"]
[EventCountry "SRI"]
[SourceTitle "CBM 178 Extra"]
[Source "ChessBase"]
[SourceDate "2017.06.22"]
[SourceVersion "1"]
[SourceVersionDate "2017.06.22"]
[SourceQuality "1"]

1. d4 Nf6 2. c4 e6 3. g3 d5 4. Nf3 b6 5. Bg2 Bb7 6. 0-0 Be7 7. Nc3 0-0 8. Ne5 a6 9. Qa4 Qe8 10. Qc2 Nbd7 11. Rd1 Qc8 12. cxd5 Nxd5 13. Nxd5 exd5 14. Bh3 Rd8 15. Bxd7 Rxd7 16. Qf5 Qe8 17. Qxd7 Qxd7 18. Nxd7 f6 19. Bf4 Bc8 20. Nxf6+ Bxf6 21. Bxc7 Bf5 22. Rac1 b5 23. Be5 Bd7 24. Rc5 Be6 25. Rdc1 h5 26. h4 Kf7 27. R5c3 1-0